All Formula 2 / GP2 Champions - Statistics

General Stats
  • This quiz has been taken 326 times
    30 since last reset
  • The average score is 14 of 21
Answer Stats
Year Nationality Champion % Correct
2018 Great Britain George Russell
100%
2017 Monaco Charles Leclerc
96%
2021 Australia Oscar Piastri
96%
2016 France Pierre Gasly
91%
2024 Brazil Gabriel Bortoleto
87%
2020 Germany Mick Schumacher
87%
2019 Netherlands Nyck de Vries
83%
2006 Great Britain Lewis Hamilton
74%
2005 Germany Nico Rosberg
70%
2010 Venezuela Pastor Maldonado
70%
2023 France Théo Pourchaire
70%
2022 Brazil Felipe Drugovic
65%
2009 Germany Nico Hülkenberg
61%
2011 France Romain Grosjean
61%
2015 Belgium Stoffel Vandoorne
61%
2025 Italy Leonardo Fornaroli
57%
2014 Great Britain Jolyon Palmer
43%
2012 Italy Davide Valsecchi
35%
2007 Germany Timo Glock
35%
2008 Italy Giorgio Pantano
30%
2013 Switzerland Fabio Leimer
26%
No matching quizzes found
Score Distribution
Percent of People with Each Score
Percentile by Number Answered
Your Score History
You have not taken this quiz since the last reset